| 000 | 00497nam a2200181Ia 4500 | ||
|---|---|---|---|
| 001 | 1608 | ||
| 005 | 20260306143741.0 | ||
| 008 | 260306t2023||||xx |||||||||||||| ||spa|| | ||
| 041 | _aESP | ||
| 082 |
_a153.4 _bF77 |
||
| 100 |
_aFossa, Pablo, _eAUT |
||
| 245 | 0 |
_aAffectivity and learning : _bbridging the gap between neurosciences, cultural and cognitive psychology |
|
| 260 | _c2023 | ||
| 300 |
_axxxiii, 789 páginas : _c24 cm. |
||
| 650 | _aGEN | ||
| 654 | _aCPS | ||
| 942 |
_cLIB _dJUS _fJUS _2ddc _n |
||
| 999 |
_c1608 _d1608 |
||